书目信息 |
| 书名: | 1812 | |
| 作者: | Walter R. Borneman. | |
| 分册号: | ||
| 分册名: | 出版地: | New York : |
|
| 出版社: | HarperCollins Publishers | |
| 出版时间: | 2004. | |
| 页数: | xii, 349 p. : | |
| 开本: | 24 cm. | |
| 丛书名: | ||
| 中图分类号: | ||
| 科图分类号: | ||
| 其他分类号: | K712.4 | |
| 主题词: | ||
| 电子资源: | ||
| 000 | 01217cam a2200289 a 450 | |
| 001 | E0755599410 | |
| 005 | 20070711153309.20 | |
| 008 | 040302s2004 nyua b 001 0 eng | |
| 010 | @a2004047261 | |
| 020 | @a0060531126 (acid-free paper). | |
| 040 | @aDLC@cDLC@dDLC | |
| 043 | @an-us--- | |
| 050 | 00 | @aE354@b.B66 2004 |
| 082 | 00 | @a973.5/2@2 22 |
| 090 | @aK712.4 | |
| 099 | @dK712.4@ex20 | |
| 100 | 1 | @aBorneman, Walter R.,@d1952- |
| 245 | 10 | @a1812 :@bthe war that forged a nation / @cWalter R. Borneman. |
| 250 | @a1st ed. | |
| 260 | @aNew York :@bHarperCollins Publishers,@c2004. | |
| 300 | @axii, 349 p. :@bill., maps ;@c24 cm. | |
| 504 | @aIncludes bibliographical references (p. [327]-333) and index. | |
| 651 | 0 | @aUnited States@xHistory@yWar of 1812@xInfluence. |
| 651 | 0 | @aUnited States@xHistory@yWar of 1812. |
| 906 | @a7@bcbc@corignew@d1@eocip@f20@gy-gencatlg | |
| 925 | 0 | @aacquire@b2 shelf copies@xpolicy default |
| 955 | @apc14 2004-03-02 to HLCD@clk25 2004-03-04; lk25 to Subj. 2004-03-05@dlk29 2004-03-08 subj, to SL@elk13 2004-03-09 to Dewey@aaa05 2004-03-09@aps12 2004-12-02 1 copy rec’d., to CIP ver.@flk13 2004-12-09@glk13 2004-12-09 To BCCD@adg15 2005-06-27 2nd copy to shelf | |
| 1812 : : the war that forged a nation / / Walter R. Borneman.-1st ed.-New York : : HarperCollins Publishers, , 2004. |
| xii, 349 p. : : ill., maps ; ; 24 cm. |
| Includes bibliographical references (p. [327]-333) and index. |
| ISBN 0060531126 (acid-free paper). |
| ● |
| 相关链接 |
|
|
|
|
正题名:1812
索取号:K712.4/x20
 
预约/预借
| 序号 | 登录号 | 条形码 | 馆藏地/架位号 | 状态 | 备注 |
| 1 | 0011844 | 300118441 | 第二样本阅览室/ [索取号:K712.4/x20] | 在馆 |